[Event "EU-ch U14 Girls 31st"]
[Site "Mamaia"]
[Date "2023.09.08"]
[Round "4"]
[White "Mence, Eline"]
[Black "Vasiljeva, Sofja"]
[Result "1-0"]
[WhiteElo "1809"]
[BlackElo "1895"]
[PlyCount "141"]
[EventDate "2023.09.05"]
[EventType "swiss"]
[EventRounds "9"]
[EventCountry "ROU"]
[SourceTitle "EXT 2024"]
[Source "ChessBase"]
[SourceDate "2023.10.10"]
[SourceVersion "1"]
[SourceVersionDate "2023.10.10"]
[SourceQuality "1"]

1. d4 d5 2. Bf4 c5 3. e3 Nc6 4. Nf3 Nf6 5. Nbd2 e6 6. c3 Be7 7. Bd3 Nh5 8. Be5 Nxe5 9. Nxe5 Nf6 10. 0-0 0-0 11. f4 Qc7 12. Rf3 g6 13. g4 Nd7 14. Nxd7 Bxd7 15. Rh3 Qc8 16. Be2 f6 17. Bf3 Bc6 18. f5 exf5 19. gxf5 Qxf5 20. Bg4 Qg5 21. Rg3 f5 22. Be2 Qh6 23. Nf1 Bd6 24. Rg2 f4 25. exf4 Qxf4 26. Ng3 cxd4 27. cxd4 Qe3+ 28. Kh1 Bd7 29. Bg4 Bxg4 30. Qxg4 Rae8 31. Nf5 Rxf5 32. Qxf5 Qe1+ 33. Qf1 Qe4 34. Rd1 Bf4 35. Qd3 Qe6 36. Rf1 Qd6 37. Re2 Rf8 38. Rfe1 Qd7 39. Re7 Qg4 40. Qe2 Qh4 41. Re8 Rxe8 42. Qxe8+ Kg7 43. Qe7+ Qxe7 44. Rxe7+ Kf6 45. Rxb7 Be3 46. Rxh7 Bxd4 47. b3 Bb6 48. Kg2 Kf5 49. Kf3 g5 50. h3 Bc5 51. Rc7 Bb6 52. Rc6 Bd4 53. a4 a5 54. Rc1 Bb2 55. Rc2 Bd4 56. Rc8 Ke5 57. Re8+ Kf5 58. Rf8+ Ke5 59. Ke2 Bc3 60. Kd3 d4 61. Rf1 Bb2 62. Rg1 Kf5 63. Rg4 Bc3 64. Rxd4 Bxd4 65. Kxd4 Kf4 66. b4 axb4 67. a5 Kg3 68. a6 Kxh3 69. a7 g4 70. a8Q g3 71. Qh1+ 1-0

[Event "FRA-ch U12 Girls"]
[Site "Agen"]
[Date "2022.04.24"]
[Round "9"]
[White "Mence, Eline"]
[Black "Neel, Laura"]
[Result "0-1"]
[WhiteElo "1485"]
[BlackElo "1680"]
[PlyCount "68"]
[EventDate "2022.04.16"]
[EventType "swiss"]
[EventRounds "9"]
[EventCountry "FRA"]
[SourceTitle "EXT 2023"]
[Source "ChessBase"]
[SourceDate "2022.10.05"]
[SourceVersion "1"]
[SourceVersionDate "2022.10.05"]
[SourceQuality "1"]

1. d4 Nf6 2. Bg5 g6 3. Bxf6 exf6 4. e3 Bg7 5. g3 f5 6. Bg2 0-0 7. Ne2 Qe7 8. Nbc3 c6 9. 0-0 d5 10. Qd3 Re8 11. Rfb1 a5 12. Na4 Nd7 13. c4 dxc4 14. Qxc4 Qb4 15. Qc2 Nf6 16. a3 Qb5 17. Nec3 Qa6 18. Nc5 Qb6 19. b4 axb4 20. axb4 Rxa1 21. Rxa1 Qxb4 22. Rb1 Qa5 23. Nxb7 Bxb7 24. Rxb7 Qa6 25. Qb3 Rf8 26. Rb6 Qd3 27. Bxc6 Qd2 28. Bf3 Qe1+ 29. Kg2 Ng4 30. Bxg4 fxg4 31. Rb7 h5 32. Ne4 Qe2 33. Rxf7 Rxf7 34. Ng5 Qxf2+ 0-1

[Event "FRA-ch U12"]
[Site "Agen"]
[Date "2021.10.29"]
[Round "7"]
[White "Mence, Eline"]
[Black "Benhadid, Jazzmine"]
[Result "1-0"]
[WhiteElo "1354"]
[BlackElo "1239"]
[PlyCount "139"]
[EventDate "2021.10.22"]
[EventType "swiss"]
[EventRounds "9"]
[EventCountry "FRA"]
[SourceTitle "EXT 2023"]
[Source "ChessBase"]
[SourceDate "2022.10.05"]
[SourceVersion "1"]
[SourceVersionDate "2022.10.05"]
[SourceQuality "1"]

1. d4 d5 2. Bf4 Nf6 3. e3 Bf5 4. c4 e6 5. Nc3 Be7 6. Qb3 b6 7. cxd5 Nxd5 8. Nxd5 exd5 9. Bb5+ c6 10. Bxb8 cxb5 11. Bf4 a6 12. Ne2 0-0 13. 0-0 b4 14. Rac1 Rc8 15. Rxc8 Bxc8 16. Rc1 b5 17. Qc2 Qd7 18. Qc6 Qxc6 19. Rxc6 Rd8 20. Bc7 Rd7 21. Bb6 Bb7 22. Rc7 Rxc7 23. Bxc7 Kf8 24. Nf4 Ke8 25. Nd3 Bd8 26. Bxd8 Kxd8 27. Nxb4 a5 28. Nd3 b4 29. Nc5 Bc8 30. Nb3 a4 31. Nc5 a3 32. bxa3 bxa3 33. f3 Kc7 34. Kf2 Kb6 35. Ke2 Kb5 36. Kd2 Kb4 37. Nd3+ Kc4 38. Ne5+ Kb4 39. e4 Be6 40. Nd3+ Kc4 41. exd5 Bxd5 42. Nf4 Bc6 43. d5 Bxd5 44. Nxd5 Kxd5 45. Kc3 Kc5 46. Kb3 Kd4 47. Kxa3 Kc3 48. Ka4 Kc4 49. a3 f6 50. g3 g6 51. Ka5 Kc5 52. h3 h6 53. g4 f5 54. gxf5 gxf5 55. f4 h5 56. h4 Kd4 57. Kb5 Ke4 58. a4 Kxf4 59. a5 Kg4 60. a6 Kxh4 61. a7 Kg4 62. a8Q h4 63. Qg2+ Kf4 64. Qf2+ Kg4 65. Kc4 h3 66. Kd4 f4 67. Ke4 f3 68. Qxf3+ Kh4 69. Kf4 h2 70. Qg4# 1-0

[Event "FRA-ch U12"]
[Site "Agen"]
[Date "2021.10.25"]
[Round "3"]
[White "Mence, Eline"]
[Black "Lavilledieu, Lily Mei"]
[Result "1-0"]
[WhiteElo "1354"]
[BlackElo "1247"]
[PlyCount "45"]
[EventDate "2021.10.22"]
[EventType "swiss"]
[EventRounds "9"]
[EventCountry "FRA"]
[SourceTitle "EXT 2023"]
[Source "ChessBase"]
[SourceDate "2022.10.05"]
[SourceVersion "1"]
[SourceVersionDate "2022.10.05"]
[SourceQuality "1"]

1. d4 Nf6 2. Bg5 e6 3. Nd2 b6 4. e4 Be7 5. Ngf3 Bb7 6. Bd3 0-0 7. Qe2 a5 8. c3 d5 9. e5 Nfd7 10. Bxe7 Qxe7 11. h4 f5 12. exf6 Nxf6 13. 0-0-0 c5 14. Rde1 Re8 15. Bf5 Bc8 16. g4 Nc6 17. Qf1 Qd8 18. g5 exf5 19. gxf6 Rxe1+ 20. Qxe1 g6 21. h5 Qxf6 22. Qe8+ Kg7 23. h6# 1-0

[Event "Trophee Roza Lallemand Online"]
[Site "Tornelo INT"]
[Date "2020.12.13"]
[Round "7"]
[White "Bergmann, Delphine"]
[Black "Mence, Eline"]
[Result "0-1"]
[WhiteElo "1625"]
[BlackElo "1264"]
[PlyCount "104"]
[EventDate "2020.12.13"]
[EventType "swiss (rapid)"]
[EventRounds "9"]
[EventCountry "USA"]
[SourceTitle "EXT 2022"]
[Source "ChessBase"]
[SourceDate "2021.10.06"]
[SourceVersion "1"]
[SourceVersionDate "2021.10.06"]
[SourceQuality "1"]

1. e4 d5 2. exd5 Qxd5 3. Nc3 Qd6 4. d4 c6 5. Nf3 Nf6 6. Be2 Bf5 7. h3 e6 8. Bg5 Nbd7 9. Bh4 Qc7 10. Bg3 Bd6 11. Bxd6 Qxd6 12. 0-0 0-0-0 13. Re1 Nb6 14. a4 Qc7 15. a5 Nbd5 16. Bd3 Bg6 17. Ne5 Nb4 18. Bxg6 hxg6 19. Qd2 Nbd5 20. Ne2 Rhf8 21. c4 Ne7 22. Qb4 Qd6 23. Qxd6 Rxd6 24. g4 Rdd8 25. b4 Nd7 26. Nd3 Kc7 27. Nc3 Nc8 28. d5 exd5 29. cxd5 cxd5 30. Nxd5+ Kb8 31. Rad1 Nf6 32. Nc3 Rfe8 33. Nc5 Rxe1+ 34. Rxe1 b6 35. N5e4 Nxe4 36. Rxe4 Rd7 37. Kg2 Nd6 38. Rd4 Kc7 39. axb6+ Kxb6 40. Ne4 Kc7 41. Nc5 Rd8 42. Kf3 Nb7 43. Rxd8 Nxd8 44. Ke4 Kc6 45. Ke5 a5 46. Nd3 a4 47. Kd4 Kb5 48. Kc3 Nc6 49. f4 f5 50. Ne5 fxg4 51. hxg4 Nxb4 52. Nxg6 Nd5+ 0-1

[Event "Trophee Roza Lallemand Online"]
[Site "Tornelo INT"]
[Date "2020.12.13"]
[Round "1"]
[White "Celaya, Christine"]
[Black "Mence, Eline"]
[Result "0-1"]
[WhiteElo "1038"]
[BlackElo "1264"]
[PlyCount "42"]
[EventDate "2020.12.13"]
[EventType "swiss (rapid)"]
[EventRounds "9"]
[EventCountry "USA"]
[SourceTitle "EXT 2022"]
[Source "ChessBase"]
[SourceDate "2021.10.06"]
[SourceVersion "1"]
[SourceVersionDate "2021.10.06"]
[SourceQuality "1"]

1. d4 d5 2. Nf3 Nf6 3. Nc3 Bf5 4. Qd2 e6 5. Ne5 Nbd7 6. Nxd7 Qxd7 7. b3 Bb4 8. Bb2 Ne4 9. Qc1 Nxc3 10. e3 Nxa2+ 11. Ke2 Nxc1+ 12. Rxc1 Be4 13. f3 Bf5 14. g4 Bg6 15. Bg2 0-0-0 16. c3 Qb5+ 17. Kf2 Qd3 18. Kg3 Bd6+ 19. f4 Qxe3+ 20. Kh4 Bxf4 21. Rce1 Bg5# 0-1

[Event "Trophee Roza Lallemand Online"]
[Site "Tornelo INT"]
[Date "2020.12.13"]
[Round "6"]
[White "Mence, Eline"]
[Black "Malry, Celia"]
[Result "1-0"]
[WhiteElo "1264"]
[BlackElo "1562"]
[PlyCount "135"]
[EventDate "2020.12.13"]
[EventType "swiss (rapid)"]
[EventRounds "9"]
[EventCountry "USA"]
[SourceTitle "EXT 2022"]
[Source "ChessBase"]
[SourceDate "2021.10.06"]
[SourceVersion "1"]
[SourceVersionDate "2021.10.06"]
[SourceQuality "1"]

1. d4 g6 2. Nf3 Bg7 3. c3 Nf6 4. Bg5 d6 5. Nbd2 Bf5 6. e3 0-0 7. Be2 c5 8. 0-0 a6 9. Re1 Nc6 10. Bc4 b5 11. Bb3 Qb6 12. Bc2 Be6 13. Nf1 Bg4 14. Ng3 Rfe8 15. h3 Bd7 16. d5 Nd8 17. e4 Nb7 18. b3 c4 19. Rb1 Qc7 20. Nd2 Nc5 21. bxc4 bxc4 22. Qf3 Nd3 23. Bxd3 cxd3 24. c4 Qc5 25. Qxd3 e6 26. Be3 Qc7 27. Rb3 exd5 28. exd5 Ba4 29. Rb4 Qa5 30. Reb1 Nd7 31. Qa3 Nc5 32. Bxc5 dxc5 33. Rxa4 Qxd2 34. Qc1 Qd4 35. Qd1 Qe5 36. Ra3 Qd6 37. Qd2 Bd4 38. Ne2 Bg7 39. Re1 Be5 40. Re3 Qf6 41. Ng3 Rab8 42. Rf3 Qg7 43. Rfe3 Rb2 44. Qd3 Qf6 45. Rf3 Qg5 46. Rfe3 Qf4 47. Ne2 Qh2+ 48. Kf1 Rxe2 49. Kxe2 Qxg2 50. Kd2 Qg5 51. Kc2 Kf8 52. Qe2 Qf5+ 53. Kd1 Qb1+ 54. Kd2 Qb2+ 55. Kd1 Qa1+ 56. Kd2 Qxa2+ 57. Kd1 Qb1+ 58. Kd2 Qb4+ 59. Kd1 Rb8 60. Qc2 Bg7 61. R3e2 Qa3 62. Qa2 Qc3 63. Qc2 Qa1+ 64. Kd2 Rb2 65. Qxb2 Qxb2+ 66. Ke3 Qd4+ 67. Kf3 Qxc4 68. Re8# 1-0

[Event "Trophee Roza Lallemand Online"]
[Site "Tornelo INT"]
[Date "2020.12.13"]
[Round "4"]
[White "Mence, Eline"]
[Black "Samy, Valerie"]
[Result "1-0"]
[WhiteElo "1264"]
[BlackElo "1530"]
[PlyCount "55"]
[EventDate "2020.12.13"]
[EventType "swiss (rapid)"]
[EventRounds "9"]
[EventCountry "USA"]
[SourceTitle "EXT 2022"]
[Source "ChessBase"]
[SourceDate "2021.10.06"]
[SourceVersion "1"]
[SourceVersionDate "2021.10.06"]
[SourceQuality "1"]

1. d4 d5 2. Bf4 Bg4 3. f3 Bh5 4. h4 f6 5. g4 Bf7 6. Nd2 e6 7. e3 Bb4 8. c3 Ba5 9. Bd3 Nc6 10. Bb5 Nge7 11. Ne2 0-0 12. Qc2 e5 13. Bg3 exd4 14. exd4 a6 15. Bd3 h6 16. g5 fxg5 17. hxg5 h5 18. g6 Be6 19. Rxh5 Qd7 20. 0-0-0 Nf5 21. Rdh1 Nh6 22. Bf4 Rxf4 23. Nxf4 Ne7 24. Re5 Bf5 25. Rxe7 Qxe7 26. Bxf5 Qf6 27. Nxd5 Qxf5 28. Ne7+ 1-0

[Event "EU-ch U10 Girls"]
[Site "Bratislava"]
[Date "2019.08.09"]
[Round "8"]
[White "Mence, Eline"]
[Black "Trunz, Tamila"]
[Result "0-1"]
[WhiteElo "1162"]
[BlackElo "1274"]
[PlyCount "150"]
[EventDate "2019.08.02"]
[EventType "swiss"]
[EventRounds "9"]
[EventCountry "SVK"]
[SourceTitle "EXT 2020"]
[Source "ChessBase"]
[SourceDate "2019.10.17"]
[SourceVersion "1"]
[SourceVersionDate "2019.10.17"]
[SourceQuality "1"]

1. d4 d5 2. e3 Nf6 3. f4 Bg4 4. Nf3 c5 5. c3 e6 6. Be2 Nc6 7. 0-0 Bd6 8. Ne5 Bxe2 9. Qxe2 Rc8 10. Nd2 0-0 11. Rf3 Qb6 12. Rh3 Ne7 13. g4 Bxe5 14. fxe5 Nd7 15. g5 g6 16. Qg4 Nf5 17. Nf1 Rc7 18. Ng3 Rfc8 19. Nxf5 exf5 20. Qf3 Qe6 21. Rg3 b5 22. Bd2 a5 23. Kf2 b4 24. Rgg1 Rb7 25. Rac1 b3 26. axb3 Rxb3 27. Rc2 Rcb8 28. Bc1 c4 29. h4 Qc6 30. Kg3 Rd8 31. h5 Nb6 32. Rgg2 gxh5 33. Qxf5 Qg6 34. Qf6 Rb8 35. Qxg6+ hxg6 36. Kf4 Nd7 37. e4 dxe4 38. Kxe4 Nf8 39. d5 Re8 40. Kd4 Reb8 41. Rcf2 R3b5 42. Rd2 Nd7 43. Rde2 Nb6 44. d6 Re8 45. Bf4 Re6 46. Ke4 Kf8 47. Bh2 Ke8 48. Rgf2 Rd5 49. Rf6 Rdxd6 50. Rxe6+ Rxe6 51. Kd4 Rc6 52. Bg1 Nd7 53. Kd5 Rc8 54. e6 fxe6+ 55. Rxe6+ Kf7 56. Ra6 Re8 57. Bd4 h4 58. Rxa5 Re1 59. Bf2 Re5+ 60. Kd6 Rxa5 61. Kxd7 h3 62. Bg3 Rxg5 63. Bb8 Rg2 64. Kc6 h2 65. Bxh2 Rxh2 66. Kc5 Rh4 67. Kb4 g5 68. b3 cxb3+ 69. Kxb3 g4 70. c4 g3 71. c5 g2 72. c6 g1Q 73. c7 Qe3+ 74. Kc2 Rh2+ 75. Kd1 Qd2# 0-1

[Event "EU-ch U10 Girls"]
[Site "Bratislava"]
[Date "2019.08.06"]
[Round "5"]
[White "Petrenko, Maryna"]
[Black "Mence, Eline"]
[Result "1-0"]
[WhiteElo "1361"]
[BlackElo "1162"]
[PlyCount "81"]
[EventDate "2019.08.02"]
[EventType "swiss"]
[EventRounds "9"]
[EventCountry "SVK"]
[SourceTitle "EXT 2020"]
[Source "ChessBase"]
[SourceDate "2019.10.17"]
[SourceVersion "1"]
[SourceVersionDate "2019.10.17"]
[SourceQuality "1"]

1. d4 d5 2. Nf3 e6 3. Bf4 f5 4. e3 Nf6 5. c4 c6 6. Nc3 Be7 7. Bd3 0-0 8. 0-0 Ne4 9. Qc2 Nd7 10. h3 Bf6 11. Bh2 h5 12. Nd2 Bg5 13. Ndxe4 fxe4 14. Be2 h4 15. Rae1 Rf6 16. Qb3 Nb6 17. cxd5 exd5 18. Nxe4 Re6 19. Nd2 Kh8 20. Nf3 Nd7 21. Qd3 Qf6 22. Be5 Qg6 23. Qxg6 Rxg6 24. Bd3 Re6 25. Nxg5 Re7 26. Bd6 Re8 27. Bg6 Rf8 28. Bxf8 Nxf8 29. Bd3 b6 30. f4 Bb7 31. f5 Nd7 32. Nf3 Nf6 33. Nxh4 Re8 34. Ng6+ Kh7 35. Rf4 Kg8 36. e4 dxe4 37. Bc4+ Nd5 38. Rfxe4 Rd8 39. Re8+ Rxe8 40. Rxe8+ Kf7 41. Rf8# 1-0

[Event "Wch U08 Girls"]
[Site "Santiago de Compostela"]
[Date "2018.11.03"]
[Round "2"]
[White "Kantserova, Ildana"]
[Black "Mence, Eline"]
[Result "1-0"]
[WhiteElo "1282"]
[BlackElo "1048"]
[PlyCount "131"]
[EventDate "2018.11.04"]
[EventType "swiss"]
[EventRounds "11"]
[EventCountry "ESP"]
[SourceTitle "EXT 2022"]
[Source "ChessBase"]
[SourceDate "2021.10.06"]
[SourceVersion "1"]
[SourceVersionDate "2021.10.06"]
[SourceQuality "1"]

1. e4 d5 2. exd5 Nf6 3. c4 e6 4. dxe6 Bxe6 5. d3 Bb4+ 6. Nc3 Qe7 7. Nge2 Nc6 8. Bd2 0-0-0 9. Qc2 Nd4 10. Nxd4 Rxd4 11. 0-0-0 Ng4 12. Be1 Qg5+ 13. Kb1 Bf5 14. h3 Ne5 15. Bd2 Qg6 16. Be3 Rxc4 17. g4 Be4 18. dxe4 Rc6 19. Bf4 Bxc3 20. bxc3 Nc4 21. Bxc4 Rxc4 22. Qd2 Qxe4+ 23. Ka1 b6 24. Be3 Qe5 25. Bd4 Qe7 26. Bxg7 Rd8 27. Qc2 Rxd1+ 28. Rxd1 f6 29. Qf5+ Kb8 30. Bxf6 Qa3 31. Rd8+ Kb7 32. Qd5+ Rc6 33. Qh1 Ka6 34. Bh8 Rh6 35. Qf1+ b5 36. c4 Rxh3 37. cxb5+ Ka5 38. Bb2 Qb4 39. Rd1 Qa4 40. Rb1 Qxg4 41. b6 Kxb6 42. Be5+ Kc6 43. Qc1+ Kd7 44. Qxc7+ Ke6 45. Qc8+ Kxe5 46. Qxg4 Rd3 47. Qe2+ Kd4 48. Rd1 Rxd1+ 49. Qxd1+ Ke5 50. Qh5+ Kd6 51. Qxh7 a5 52. Qa7 Ke5 53. Qxa5+ Kf4 54. Qc3 Kf5 55. Qd4 Ke6 56. Qc5 Kf6 57. Qd5 Kg6 58. Qe5 Kf7 59. Qd6 Kg7 60. Qe6 Kf8 61. Qd7 Kg8 62. a4 Kh8 63. a5 Kg8 64. a6 Kf8 65. a7 Kg8 66. a8Q# 1-0